Championnats du monde 200m sprint - Statistiques

Statistiques générales
  • Ce quiz a été pris 30 fois
  • Le résultat moyen est 19 sur 57
Statistiques - réponses
Réponse Hint % Correct
Usain Bolt 19.91
95%
Usain Bolt 19.19
95%
Usain Bolt 19.40
95%
Usain Bolt 19.66
95%
Usain Bolt 19.55
95%
Noah Lyles 19.83
73%
Noah Lyles 19.31
73%
Noah Lyles 19.52
73%
Christophe Lemaitre 19.80
59%
Carl Lewis 19.99
50%
Justin Gatlin 20.04
50%
Justin Gatlin 19.74
50%
Letsile Tebogo 19.81
50%
Michael Johnson 20.01
45%
Michael Johnson 19.79
45%
Andre De Grasse 19.95
41%
Ato Boldon 20.04
41%
Frankie Fredericks 20.34
36%
Frankie Fredericks 19.85
36%
Frankie Fredericks 20.12
36%
Frankie Fredericks 20.23
36%
Kenneth Bednarek 19.77
36%
Walter Dix 19.70
36%
Calvin Smith 20.14
32%
Calvin Smith 20.16
32%
Erriyon Knighton 19.80
32%
Erriyon Knighton 19.75
32%
Maurice Greene 19.90
32%
Tyson Gay 19.76
32%
Ramil Guliyev 20.09
27%
Warren Weir 19.79
27%
Christopher Williams 20.20
18%
Curtis Mitchell 20.04
18%
Jareem Richards 20.11
18%
Jeff Williams 20.18
18%
Pietro Mennea 20.51
18%
Wallace Spearmon 20.20
18%
Wallace Spearmon 20.05
18%
Wallace Spearmon 19.85
18%
Wayde Van Niekerk 20.11
18%
Alonso Edward 19.81
14%
Anaso Jobodwana 19.87
14%
Gilles Quénéhervé 20.16
14%
Kim Collins 20.20
14%
Francis Obikwelu 20.11
9%
John Capel 20.30
9%
John Capel 20.31
9%
John Regis 20.18
9%
John Regis 19.94
9%
Konstadinos Kedéris 20.04
9%
Alex Quinonez 19.98
5%
Claudinei Da Silva 20.26
5%
Claudinei Da Silva 20.00
5%
Shingo Suetsugu 20.38
5%
Atlee Mahorn 20.49
0%
Darvis Patton 20.31
0%
Elliott Quow 20.41
0%
Aucun quiz correspondant
Distribution des résultats
% des personnes avec chaque résultat
Percentile par nombre de réponses
Votre historique - résultats
Vous n’avez pas pris ce quiz